| Tag |
First Indicator |
Second Indicator |
Subfields |
| LEADER |
00000cam a2200000 4500 |
| 001 |
in00000246773 |
| 005 |
20151010051145.0 |
| 008 |
770310s1941 nyuab 00010 enge |
| 010 |
|
|
|a 41005672
|
| 035 |
|
|
|a (OCoLC)02791878
|
| 035 |
|
|
|9 ABB4499AM
|
| 040 |
|
|
|a DLC
|c ILU
|d ILU
|d TXA
|d UtOrBLW
|
| 043 |
|
|
|a n-us---
|
| 049 |
|
|
|a TXAM
|v 1 [117907]
|v 2 [117908]
|
| 050 |
0 |
0 |
|a E160
|b .M4
|
| 082 |
0 |
|
|a 917.3
|
| 100 |
1 |
|
|a Melbo, Irving R.
|q (Irving Robert),
|d 1908-
|
| 245 |
1 |
0 |
|a Our country's national parks /
|c by Irving R. Melbo.
|
| 264 |
|
1 |
|a Indianapolis :
|b The Bobbs-Merrill Company,
|c [1941]
|
| 264 |
|
4 |
|c ©1941
|
| 300 |
|
|
|a 2 volumes :
|b illustrations, maps ;
|c 26 cm.
|
| 336 |
|
|
|a text
|b txt
|2 rdacontent
|
| 337 |
|
|
|a unmediated
|b n
|2 rdamedia
|
| 338 |
|
|
|a volume
|b nc
|2 rdacarrier
|
| 504 |
|
|
|a "Other books and articles" at end of each chapter.
|
| 650 |
|
0 |
|a National parks and reserves
|z United States.
|
| 999 |
|
|
|a MARS
|
| 999 |
f |
f |
|s cc9332e3-ff51-3e83-92a5-05dfca2ae459
|i 24ed06de-7731-3691-9e12-ce5ebbb6b455
|t 0
|
| 952 |
f |
f |
|p ric
|a Texas A&M University
|b Rellis Campus
|c Joint Library Facility
|d Remote Storage
|t 0
|e E160 .M4
|h Library of Congress classification
|i unmediated -- volume
|k v.2
|m A14802150793
|
| 952 |
f |
f |
|p noncirc
|a Texas A&M University
|b College Station
|c Cushing Memorial Library & Archives
|d Cushing: Stonestreet (Does not check out)
|t 0
|e E160 .M4
|h Library of Congress classification
|i unmediated -- volume
|k v.1
|m A14821587551
|
| 952 |
f |
f |
|p ric
|a Texas A&M University
|b Rellis Campus
|c Joint Library Facility
|d Remote Storage
|t 0
|e E160 .M4
|h Library of Congress classification
|i unmediated -- volume
|k v.1
|m A14802150785
|
| 952 |
f |
f |
|p noncirc
|a Texas A&M University
|b College Station
|c Cushing Memorial Library & Archives
|d Cushing: Stonestreet (Does not check out)
|t 0
|e E160 .M4
|h Library of Congress classification
|i unmediated -- volume
|k v.2
|m A14821591429
|
| 998 |
f |
f |
|a E160 .M4
|s v.1-v.2
|t 0
|l Remote Storage
|
| 998 |
f |
f |
|a E160 .M4
|s v.1-2
|t 0
|l Cushing: Stonestreet (Does not check out)
|